Loading...
Fine Arts - Classical Music | 0 | 6 | 0 | 0 | 60 | 48 | 98.17 | 0 | 2 |
Social Science | 0 | 3 | 0 | 1 | 30 | 38 | 83.00 | 0 | 1 |
Geography/Current Events | 0 | 3 | 0 | 1 | 30 | 91 | 104.00 | 0 | 0 |
Philosophy | 0 | 3 | 0 | 1 | 30 | 72 | 100.33 | 0 | 0 |
Science - Physics | 0 | 3 | 0 | 1 | 30 | 114 | 119.33 | 0 | 0 |
History - Other History | 0 | 3 | 1 | 0 | 25 | 86 | 96.00 | 0 | 2 |
History - American History | 0 | 1 | 0 | 0 | 10 | 104 | 104.00 | 0 | 0 |
History - World History | 0 | 1 | 0 | 0 | 10 | 125 | 125.00 | 0 | 0 |
Science - Chemistry | 0 | 1 | 0 | 0 | 10 | 113 | 113.00 | 0 | 0 |
Mythology | 0 | 1 | 0 | 0 | 10 | 82 | 82.00 | 0 | 0 |
Religion | 0 | 2 | 3 | 1 | 5 | 100 | 116.50 | 0 | 1 |
Fine Arts - Visual Fine Arts | 0 | 1 | 1 | 0 | 5 | 94 | 94.00 | 0 | 0 |
Fine Arts - Other Fine Arts | 0 | 0 | 1 | 0 | -5 | 0.00 | 0 | 0 | |
History - European History | 0 | 0 | 1 | 0 | -5 | 0.00 | 0 | 0 |